| 000 | 00891nam a2200265 u 4500 | ||
|---|---|---|---|
| 005 | 20230527063550.0 | ||
| 008 | 090902s2003 es r 000 0 spa d | ||
| 020 | _a8408048279 | ||
| 035 | _aUPN01000172243 | ||
| 049 | _aCG | ||
| 050 | 4 |
_aBF724 _bC3.2 2003 |
|
| 100 | 1 |
_aCastells Cuixart, Paulino _933775 |
|
| 245 | 1 | 0 |
_aGuía práctica de la salud y psicología del adolescente / _cPaulino Castells, Tomás J. Silber. |
| 250 | _a3a ed. | ||
| 260 |
_aBarcelona, Esp. : _bPlaneta, _c2003. |
||
| 300 | _a379 p. | ||
| 440 | 0 |
_aPlaneta práctico. _pDesarrollo |
|
| 590 | _aBibliografía Básica (BGTQ) | ||
| 590 | 0 | _a(También localizas un ejemplar en el "Área de Reserva") | |
| 650 | 4 |
_aPsicología del adolescente _91013 |
|
| 650 | 0 |
_aAdolescentes _xConducta de vida _91767 |
|
| 650 | 4 |
_aADOLESCENTES - _xFISIOLOGIA _912012 |
|
| 700 | 1 |
_aSilber, Tomás J. _ecoaut. |
|
| 905 | _aLibro | ||
| 999 |
_c144347 _d144347 |
||